Electrolyte solutions : (Record no. 10254)
[ view plain ]
| 000 -LEADER | |
|---|---|
| fixed length control field | 01432cam a2200421I 4500 |
| 001 - CONTROL NUMBER | |
| control field | 10254 |
| 003 - CONTROL NUMBER IDENTIFIER | |
| rucl marc code | MCM |
| 005 - DATE AND TIME OF LATEST TRANSACTION | |
| control field | 20211208234924.0 |
| 008 - FIXED-LENGTH DATA ELEMENTS--GENERAL INFORMATION | |
| fixed length control field | 140123r19701965enk 000 0 eng d |
| 020 ## - INTERNATIONAL STANDARD BOOK NUMBER | |
| International Standard Book Number | 0408184906 |
| International Standard Book Number | 9780815516989 |
| Canceled/invalid ISBN | 9780815513209 |
| 035 ## - SYSTEM CONTROL NUMBER | |
| System control number | (BD-RjUL)10302 |
| System control number | (BD-RjUL) |
| System control number | MITb10240718 |
| System control number | (OCoLC)01043070 |
| System control number | GLIS00240718 |
| 040 ## - CATALOGING SOURCE | |
| Transcribing agency | CIN |
| Modifying agency | OCL |
| -- | MYG |
| Original cataloging agency | BD-RjUL |
| Language of cataloging | eng |
| 041 ## - LANGUAGE CODE | |
| Language code of text/sound track or separate title | eng |
| 082 04 - DEWEY DECIMAL CLASSIFICATION NUMBER | |
| Edition number | 23 |
| Classification number | 541.372 |
| Author mark and year | ROE |
| 090 ## - LOCALLY ASSIGNED LC-TYPE CALL NUMBER (OCLC); LOCAL CALL NUMBER (OCLC) | |
| Classification number (OCLC) (R) ; Classification number, CALL (RLIN) (NR) | QD561 |
| Local cutter number (OCLC) ; Book number/undivided call number, CALL (RLIN) | .R663 1970 |
| 099 ## - LOCAL FREE-TEXT CALL NUMBER (OCLC) | |
| Bangla Class number | QD561.R663 1970 |
| 100 1# - MAIN ENTRY--PERSONAL NAME | |
| Personal name | Robinson, R. A. |
| Fuller form of name | (Robert Anthony), |
| Dates associated with a name | 1904-1979. |
| 9 (RLIN) | 31687 |
| 245 10 - TITLE STATEMENT | |
| Title | Electrolyte solutions : |
| Remainder of title | the measurement and interpretation of conductance, chemical potential, and diffusion in solutions of simple electrolytes / |
| Statement of responsibility, etc. | By R.A. Robinson and R.H. Stokes. |
| 250 ## - EDITION STATEMENT | |
| Edition statement | 2d ed., rev. |
| 260 ## - PUBLICATION, DISTRIBUTION, ETC. (IMPRINT) | |
| Place of publication, distribution, etc. | London : |
| Name of publisher, distributor, etc. | Butterworths , |
| Date of publication, distribution, etc. | 1959 [reprent 1970] |
| 300 ## - PHYSICAL DESCRIPTION | |
| Pagination | xv, 571 p. : |
| Illustrations | illus. ; |
| Size | 22 cm. |
| 500 ## - GENERAL NOTE | |
| General note | "Fifth impression (revised), 1970." |
| 504 ## - BIBLIOGRAPHY, ETC. NOTE | |
| Bibliography, etc | Includes bibliographies. |
| 650 #0 - SUBJECT ADDED ENTRY--TOPICAL TERM | |
| Topical term or geographic name as entry element | Electrolyte solutions. |
| 9 (RLIN) | 29969 |
| 700 1# - ADDED ENTRY--PERSONAL NAME | |
| Personal name | Stokes, R. H. |
| Fuller form of name | (Robert Harold), |
| Dates associated with a name | 1918- |
| 776 1# - ADDITIONAL PHYSICAL FORM ENTRY | |
| Record control number | (OCoLC)752399732 |
| 856 41 - ELECTRONIC LOCATION AND ACCESS | |
| Uniform Resource Identifier | <a href="http://app.knovel.com/web/toc.v/cid:kpESRE0007/viewerType:toc/root_slug:electrolyte-solutions">http://app.knovel.com/web/toc.v/cid:kpESRE0007/viewerType:toc/root_slug:electrolyte-solutions</a> |
| 942 ## - ADDED ENTRY ELEMENTS (KOHA) | |
| Source of classification or shelving scheme | Dewey Decimal Classification |
| Koha item type | Books |
| 946 ## - LOCAL PROCESSING INFORMATION (OCLC) | |
| m | Knovel |
| 949 ## - LOCAL PROCESSING INFORMATION (OCLC) | |
| a | MYGE |
| b | 39080003222988 |
| Lost status | Source of classification or shelving scheme | Damaged status | Not for loan | Collection code | Permanent Location | Current Location | Shelving location | Date acquired | Source of acquisition | Total Checkouts | Full call number | Date last seen | Copy number | Koha item type |
|---|---|---|---|---|---|---|---|---|---|---|---|---|---|---|
| Dewey Decimal Classification | Non-fiction | Central Library, University of Rajshahi | Central Library, University of Rajshahi | 20/03/1974 | Britain Gift | 541.372 ROE 1970 | 23/01/2014 | C-8 | Books |